| 000 | 00638cab a2200229 4500 | ||
|---|---|---|---|
| 008 | 090401t1999 xxu||||| |||| 00| 0 eng d | ||
| 035 | _a(Sirsi) u96 | ||
| 041 | _aeng | ||
| 100 | _aCrawley, D | ||
| 245 | _aBuilding environmental assessment methods: applications and development trends | ||
| 260 | _c1999 | ||
| 350 | _a0 | ||
| 490 |
_aBuilding Research and Information _v27(4-5) 1999, 300-308(9) |
||
| 650 | _aBREEAM | ||
| 650 | _aBUILDING PERFORMANCE | ||
| 650 | _aENVIRONMENTAL ASSESSMENT | ||
| 650 | _aGREEN BUILDINGS | ||
| 650 | _aLIFE CYCLE ASSESSMENTS | ||
| 690 | _aBUILT ENVIRONMENT | ||
| 942 | _n0 | ||
| 948 | _c01/09/1999 | ||
| 999 |
_c32 _d32 |
||